Rhymes with 'ICK' Quiz Stats

 Plays Quiz Updated Jul 13, 2017

Support Sporcle.
Go Orange.
Score 0/26 Timer 04:00
2 Plays Today
% Correct
LICK
97.1%
DICK
96.6%
NICK
95.4%
SICK
93.4%
PICK
93.2%
RICK
92%
WICK
91.7%
TICK
90.7%
HICK
90.5%
STICK
86%
KICK
85.8%
CLICK
85%
SLICK
84.9%
% Correct
SIC
84.5%
PRICK
84.1%
PIC
83.6%
TRICK
83.4%
BRICK
82.7%
TIC
82.5%
CRICK
79.9%
FLICK
79%
QUICK
76.9%
CHICK
70.5%
SNICK
63.8%
THICK
51.5%
SHTICK
26%

You're not logged in!

Compare scores with friends on all Sporcle quizzes.
OR
Log In
Forgot?

From the Vault

Week Words

by tobley

Weak words would have been so underwhelming.
Remove Ads.
Support Sporcle.
Get the best of Sporcle when you Go Orange. This ad-free experience offers more features, more stats, and more fun while also helping to support Sporcle. Thank you for becoming a member.

Show Comments

Extras

Top Quizzes Today


Score Distribution

Your Account Isn't Verified!

In order to create a playlist on Sporcle, you need to verify the email address you used during registration. Go to your Sporcle Settings to finish the process.

Report this User

Report this user for behavior that violates our Community Guidelines.

Details: